Tramway de Montpellier #5 - Statistiques

Statistiques générales
  • Ce quiz a été pris 7 fois
  • Le résultat moyen est 23 sur 26
Statistiques - réponses
Hint Réponse % Correct
Cité Créative - Parc Montcalm
100%
Clapiers
100%
3 Gambetta - Saint-Denis
100%
Grés de Montpellier
100%
Parc Bagatelle
100%
Parc Clémenceau
100%
Parc des Bouisses
100%
Parc Font-Colombe
100%
4 Peyrou - Arc de Triomphe
100%
4 Saint-Guilhem - Courreau
100%
Université Paul Valéry
100%
Yves du Manoir
100%
Chamberte - Les Roses
86%
CNRS - Zoo de Lunaret
86%
Estanove
86%
Montferrier-sur-Lez
86%
Ovalie
86%
Place du 8 mai 1945
86%
Plan des 4 seigneurs
86%
Pôle Chimie Balard
86%
Saint-Éloi - Docteur Pezet
86%
1 Stade Philippidès
86%
Agropolis
71%
1 Albert 1er - Saint-Charles
71%
1 Boutonnet - Cité des Arts
71%
4 Albert 1er - Cathédrale
57%
Aucun quiz correspondant
Distribution des résultats
% des personnes avec chaque résultat
Percentile par nombre de réponses
Votre historique - résultats
Vous n’avez pas pris ce quiz